[Event "Esports World Cup 2025"]
[Site "Riyadh KSA"]
[Date "2025.08.01"]
[Round "3.1.4"]
[Board "1"]
[White "Firouzja, Alireza"]
[Black "Carlsen, Magnus"]
[Result "0-1"]
[WhiteTitle "GM"]
[BlackTitle "GM"]
[WhiteElo "2766"]
[BlackElo "2839"]
[WhiteFideId "12573981"]
[BlackFideId "1503014"]
[EventDate "2025.07.31"]

1. e4 e5 2. Nf3 Nc6 3. Bc4 Bc5 4. c3 Nf6 5. d3 h6 6. b4 Bb6 7. a4 a6 8. O-O O-O
9. Nbd2 d6 10. h3 Ba7 11. Re1 Ne7 12. Nf1 Ng6 13. Ng3 c6 14. Bb3 d5 15. exd5
Nxd5 16. Bd2 Re8 17. Qc2 Be6 18. Rad1 Qc7 19. c4 Ndf4 20. Bxf4 Nxf4 21. c5 Bxb3
22. Qxb3 a5 23. d4 exd4 24. Rxe8+ Rxe8 25. Rxd4 Rd8 26. Re4 axb4 27. Rxb4 Rd7
28. Re4 Bxc5 29. Qc4 Bxf2+ 30. Kxf2 Nd3+ 31. Ke3 Qxg3 32. Re8+ Kh7 33. Qe4+ g6
34. Re7 Qf2# 0-1

[Event "Esports World Cup 2025"]
[Site "Riyadh KSA"]
[Date "2025.08.01"]
[Round "3.2.1"]
[Board "2"]
[White "Firouzja, Alireza"]
[Black "Carlsen, Magnus"]
[Result "1-0"]
[WhiteTitle "GM"]
[BlackTitle "GM"]
[WhiteElo "2766"]
[BlackElo "2839"]
[WhiteFideId "12573981"]
[BlackFideId "1503014"]
[EventDate "2025.07.31"]

1. d4 d5 2. g3 Nf6 3. Bg2 c5 4. Nf3 cxd4 5. O-O h6 6. b3 h5 7. c3 Nc6 8. cxd4
Bf5 9. Nc3 e6 10. Bg5 Be7 11. Nh4 Bh7 12. e3 Rc8 13. Na4 Ng4 14. Bxe7 Qxe7 15.
Rc1 O-O 16. Nf3 Nf6 17. Ng5 Bf5 18. Qd2 Rc7 19. Nc5 Rfc8 20. Rc3 Nb4 21. a3 Na6
22. b4 b6 23. Na4 Qd7 24. Rxc7 Qxc7 25. b5 Nb8 26. Qb4 Nbd7 27. f3 Bd3 28. Re1
Nf8 29. Nb2 Bg6 30. Bf1 Qc2 31. Nd1 N8h7 32. Nh3 Bf5 33. Ndf2 g5 34. e4 dxe4 35.
fxe4 Nxe4 36. Re2 Nxf2 37. Rxc2 Nxh3+ 38. Bxh3 Bxc2 39. d5 g4 40. Bg2 exd5 41.
Bxd5 Nf6 42. Bc6 Kg7 43. Qe7 a5 44. Qb7 Rd8 45. Qxb6 Rd1+ 46. Kf2 Rd2+ 47. Ke3
Rxh2 48. Qc5 h4 49. b6 hxg3 50. b7 g2 51. Bxg2 Rxg2 52. b8=Q Rg3+ 53. Qxg3 Bg6
54. Qce5 1-0

[Event "Esports World Cup 2025"]
[Site "Riyadh KSA"]
[Date "2025.08.01"]
[Round "3.2.2"]
[Board "2"]
[White "Carlsen, Magnus"]
[Black "Firouzja, Alireza"]
[Result "1-0"]
[WhiteTitle "GM"]
[BlackTitle "GM"]
[WhiteElo "2839"]
[BlackElo "2766"]
[WhiteFideId "1503014"]
[BlackFideId "12573981"]
[EventDate "2025.07.31"]

1. d4 d5 2. c4 c6 3. Nf3 Nf6 4. Nc3 e6 5. g3 dxc4 6. Bg2 b5 7. O-O Bb7 8. Ne5 a6
9. b3 b4 10. Na4 c3 11. a3 a5 12. Nc4 Ba6 13. axb4 Bxc4 14. bxc4 axb4 15. c5 Be7
16. Qb3 Qxd4 17. Be3 Qg4 18. h3 Qh5 19. Qxb4 O-O 20. Nxc3 Nbd7 21. Rxa8 Rxa8 22.
Bxc6 Rb8 23. Qf4 Bxc5 24. Bxd7 Nxd7 25. Rd1 e5 26. Qg4 Qxg4 27. hxg4 Bxe3 28.
Rxd7 Bc5 29. g5 Bf8 30. Kg2 Re8 31. Ne4 Rc8 32. Rd5 Re8 33. Kf3 Ba3 34. e3 Bf8
35. Kg4 Kh8 36. Nd2 g6 37. Nc4 Bg7 38. Rd7 Kg8 39. Nd6 Rf8 40. Re7 f5+ 41. gxf6
h5+ 42. Kh3 Rxf6 43. Ne4 Rf5 44. Re6 Kf7 45. Ra6 Bf8 46. Kg2 Be7 47. f3 Kg7 48.
g4 hxg4 49. fxg4 Rf8 50. Re6 Bh4 51. Rxe5 Ra8 52. Rb5 Re8 53. Rb7+ Kh6 54. Kf3
Rf8+ 55. Ke2 Rd8 56. Rb5 Be7 57. Re5 Bh4 58. g5+ Kg7 59. Re7+ Kf8 60. Rh7 1-0

[Event "Esports World Cup 2025"]
[Site "Riyadh KSA"]
[Date "2025.08.01"]
[Round "3.2.3"]
[Board "2"]
[White "Firouzja, Alireza"]
[Black "Carlsen, Magnus"]
[Result "0-1"]
[WhiteTitle "GM"]
[BlackTitle "GM"]
[WhiteElo "2766"]
[BlackElo "2839"]
[WhiteFideId "12573981"]
[BlackFideId "1503014"]
[EventDate "2025.07.31"]

1. d4 Nf6 2. g3 c5 3. d5 b5 4. a4 b4 5. Bg2 d6 6. b3 g6 7. Bb2 Bg7 8. a5 O-O 9.
Nh3 Na6 10. Nf4 Nc7 11. Nd2 g5 12. Nd3 Nfxd5 13. Bxg7 Kxg7 14. Nc4 Rb8 15. Qd2
f6 16. h4 g4 17. e4 Nc3 18. Nf4 N7b5 19. Nd5 e5 20. Nce3 Nxd5 21. Nxd5 Nd4 22.
Ne3 Be6 23. O-O Rb5 24. Qd1 Rxa5 25. Rxa5 Qxa5 26. Nxg4 c4 27. bxc4 Qc5 28. Ne3
Bxc4 29. Qg4+ Kh8 30. Ra1 Be6 31. Qh5 a5 32. Qh6 Rf7 33. Bf1 Kg8 34. Bd3 Qc7 35.
Qh5 Rf8 36. Qh6 Ra8 37. Nf5 Bxf5 38. exf5 Qg7 39. Qd2 Nf3+ 0-1

[Event "Esports World Cup 2025"]
[Site "Riyadh KSA"]
[Date "2025.08.01"]
[Round "3.2.4"]
[Board "2"]
[White "Carlsen, Magnus"]
[Black "Firouzja, Alireza"]
[Result "1-0"]
[WhiteTitle "GM"]
[BlackTitle "GM"]
[WhiteElo "2839"]
[BlackElo "2766"]
[WhiteFideId "1503014"]
[BlackFideId "12573981"]
[EventDate "2025.07.31"]

1. e4 c5 2. c3 Nf6 3. e5 Nd5 4. Nf3 b6 5. d4 cxd4 6. Nxd4 Bb7 7. c4 Nb4 8. Nc3
g6 9. a3 N4c6 10. Bf4 Bg7 11. Nf3 Na6 12. h4 h5 13. b4 Nc7 14. Bd3 Ne6 15. Bg3
d6 16. Be4 O-O 17. O-O Rb8 18. Re1 dxe5 19. Bxc6 Bxc6 20. Nxe5 Rc8 21. Rc1 Nd4
22. Nd5 Bxd5 23. Qxd4 Bb7 24. Qe3 e6 25. Red1 Qf6 26. Nd7 Qb2 27. Nxf8 Rxf8 28.
c5 bxc5 29. bxc5 Bc6 30. Rb1 Qc2 31. Be5 f6 32. Bd6 Re8 33. Rbc1 Qf5 34. Qf4 e5
35. Qxf5 gxf5 36. Rb1 Kf7 37. Rb8 Re6 38. Rc8 Be4 39. c6 1-0